John Galsworthy. (Record no. 77038)

MARC details
000 -LEADER
campo de control de longitud fija 00645nam a2200205 i 4500
001 - NÚMERO DE CONTROL
campo de control 77038
003 - IDENTIFICADOR DE NÚMERO DE CONTROL
campo de control ES-MaACL
005 - FECHA Y HORA DE LA ÚLTIMA TRANSACCIÓN
campo de control 20230906173055.0
007 - CAMPO FIJO DE DESCRIPCIÓN FÍSICA--INFORMACIÓN GENERAL
campo de control de longitud fija t|
008 - DATOS DE LONGITUD FIJA--INFORMACIÓN GENERAL
campo de control de longitud fija 041006s1933 fr ||||1| fre d
100 1# - ENTRADA PRINCIPAL--NOMBRE DE PERSONA
Nombre de persona Guyot, Edouard.
9 (RLIN) 61275
245 10 - MENCIÓN DEL TÍTULO
Título John Galsworthy.
Número de parte o sección de la obra 1,
Nombre de parte o sección de la obra Le romancier / Edouard Guyot.
260 ## - PUBLICACIÓN, DISTRIBUCIÓN, ETC.
Lugar de publicación, distribución, etc. Paris :
Nombre del editor, distribuidor, etc. H. Didier,
Fecha de publicación, distribución, etc. 1933 (
Lugar de fabricación/manufactura Toulouse :
Fabricante Ed. Privat)
300 ## - DESCRIPCIÓN FÍSICA
Extensión XIX, 232 p. :
Otras características físicas 1 retr. ;
Dimensiones 19 cm.
490 1# - MENCIÓN DE SERIE
Mención de serie Les grands écrivains étrangers
600 14 - PUNTO DE ACCESO ADICIONAL DE MATERIA--NOMBRE DE PERSONA
Nombre de persona Galsworthy, John (
Fechas asociadas al nombre 1867-1933)
9 (RLIN) 53675
830 0# - PUNTO DE ACCESO ADICIONAL DE SERIE-TÍTULO UNIFORME
Título uniforme Les grands écrivains étrangers
9 (RLIN) 186935
852 ## - LOCALIZACIÓN
Ubicación ES-MaACL
Número de control de estantería A-2079
Holdings
Estatus retirado Estado de pérdida Estado de daño No para préstamo Biblioteca de origen Biblioteca actual Ubicación en estantería Fecha de adquisición Fuente de adquisición Total de préstamos Signatura topográfica completa Código de barras Visto por última vez Precio de reemplazo Tipo de ítem Koha
        Biblioteca del Ateneo de Madrid Biblioteca del Ateneo de Madrid Sala Pecera Planta 1 17/01/2008     A-2079 1080607 23/02/2023 23/02/2023 Libro impreso